Statistiken für Stadtteile von Essen A-Z

Klicken Sie hier um das Quiz zu spielen!

Allgemein

  • Dieses Quiz wurde 48 mal gespielt
    (34 seit der letzten Aktualisierung)
  • Das Durchschnittsergebnis liegt bei 12 aus 16

Antwortstatistiken

Antwort% Korrekt
KKarnap | Katernberg | Kettwig | Kray | Kupferdreh
97%
AAltendorf | Altenessen-Nord | Altenessen-Süd
90%
BBedingrade | Bergeborbeck | Bergerhausen | Bochold | Borbeck-Mitte | Bredeney | Burgaltendorf | Byfang
83%
FFischlaken | Freisenbruch | Frillendorf | Frintrop | Frohnhausen | Fulerum
83%
HHaarzopf | Heidhausen | Heisingen | Holsterhausen | Horst | Huttrop
83%
SSchönebeck | Schonnebeck | Schuir | Stadtkern | Stadtwald | Steele | Stoppenberg | Südostviertel | Südviertel
83%
WWerden | Westviertel
80%
NNordviertel
77%
MMargarethenhöhe
73%
OOstviertel
73%
ÜÜberruhr-Hinsel | Überruhr-Holthausen
73%
RRellinghausen | Rüttenscheid
70%
VVogelheim
67%
DDellwig
63%
GGerschede
53%
LLeithe
50%

Verteilung der Resultate

Perzentil nach korrekt beantworteten Fragen

Anzahl Personen mit jedem Resultat

Ihre Resultats-Entwicklung

Sie haben dieses Quiz seit der letzten Aktualisierung nicht gespielt